Statistics for The One Country With 12 Colors On Their Flag

Click here to take the quiz!

General Stats

  • This quiz has been taken 106 times
  • The average score is 6 of 6

Answer Stats

Country% Correct
I
98%
B
95%
E
93%
E
93%
L
93%
Z
90%

Score Distribution

Percentile by Number Answered

Percent of People with Each Score

Your Score History

You have not taken this quiz